[Compliance Číny s WTO – Jak Čína dodržela mnohostranné obchodní závazky a jak usilovala o získaní statusu tržní ekonomiky]

Recenzia na monografiu v ktorej sa autorka venuje téme postavenia ČĽR vo WTO, hodnotí compliance Číny s jej záväzkami vyplývajúcimi z dohôd WTO a zaoberá sa i podstatou a príčinami obchodného sporu, ktorý vznikol medzi Čínou a EÚ v dôsledku odmietnutia udelenia statusu trhovej ekonomiky Číne zo str...

Description complète

Enregistré dans:
Détails bibliographiques
Auteur principal: Brocková, Katarína, 1976-
Format: Chapitre de livre
Langue:slovaque
Sujets:
Tags: Ajouter un tag
Pas de tags, Soyez le premier à ajouter un tag!

MARC

LEADER 00000naa a2200000 4500
001 0258513
005 20240502074106.4
041 0 |a slo 
044 |a SK 
245 1 0 |a [Compliance Číny s WTO – Jak Čína dodržela mnohostranné obchodní závazky a jak usilovala o získaní statusu tržní ekonomiky]  |c Katarína Brocková 
520 |a Recenzia na monografiu v ktorej sa autorka venuje téme postavenia ČĽR vo WTO, hodnotí compliance Číny s jej záväzkami vyplývajúcimi z dohôd WTO a zaoberá sa i podstatou a príčinami obchodného sporu, ktorý vznikol medzi Čínou a EÚ v dôsledku odmietnutia udelenia statusu trhovej ekonomiky Číne zo strany Európskej únie. 
610 2 0 |a recenzie 
610 2 0 |a Čína 
610 2 0 |a Svetová obchodná organizácia 
610 2 0 |a hospodárstvo trhové 
610 2 0 |a Európska únia 
610 2 0 |a spory súdne 
100 1 |a Brocková, Katarína, 1976-